000 00356nam a2200145Ia 4500
100 _aVan Derziel/Aldert
650 _aElectrical Engineering
942 _cBK
654 _aSolid Slate Physical Electronics
245 _aSolid Slate Physical Electronics
260 _bPrentice-hall
_aNEW DELHI
_c1971
300 _a633
546 _aENGLISH
999 _c23326
_d23326